Normal view
MARC view
- الموارد البشرية-شركات الاتصالات-الاردن
Entry Topical Term
001 - CONTROL NUMBER
- control field: 61439
003 - CONTROL NUMBER IDENTIFIER
- control field: JO-AjAnu
005 - DATE AND TIME OF LATEST TRANSACTION
- control field: 20230606084035.0
008 - FIXED-LENGTH DATA ELEMENTS
- fixed length control field: 230606|| aca||aabn | a|a d
040 ## - CATALOGING SOURCE
- Original cataloging agency: JO-AjAnu
- Transcribing agency: JO-AjAnu
150 ## - HEADING--TOPICAL TERM
- Topical term or geographic name entry element: الموارد البشرية-شركات الاتصالات-الاردن
670 ## - SOURCE DATA FOUND
- Source citation: Work cat.: (JO-AjAnu)31339: إعداد بطاينة، منذر محمود عطوان؛ اشراف ياسر عيسى المومني, author 61438, دور تخطيط الموارد البشرية في تحقيق التميز المؤسسي في شركات الاتصالات- الاردن = The Role of Human Resource Planning in Achieving Institution Excellence in telecommunications companies- Jordan